000 00353nam a2200145Ia 4500
003 OSt
005 20231204110610.0
008 170524s9999 xx 000 0 und d
020 _a9780070600041
040 _cIIMT UNIVERSITY
100 _aFOROUZAN- BEHROUZ A.
245 0 _aTCP/IP PROTOCOL SUITE
260 _bnew delhi : Sultan chand
942 _2ddc
_c02
999 _c8345
_d8345